| 000 | 00603nam a2200205Ia 4500 | ||
|---|---|---|---|
| 003 | GCL | ||
| 008 | 140319s9999 xx 000 0 ara d | ||
| 040 |
_aGCL / _cGCL |
||
| 082 | 0 | 4 |
_aط _b813.078 _bم ل |
| 100 | 1 | _aمجدى صابر | |
| 245 | 1 | 0 |
_aلغز قصر الاسرار / _cمجدى صابر |
| 700 | 1 | _aنبيل قدوح | |
| 260 |
_aالقاهرة : _bدار البحار |
||
| 300 |
_a127 ص: _bايض ؛ _c17 سم |
||
| 490 |
_aالمغامرون الابطال _v3 |
||
| 650 | 0 | 4 | _aالاطفال |
| 650 | 0 | 4 | _aالالغاز |
| 650 | 0 | 4 | _aقصص المغامرات |
| 942 |
_2ddc _cBK |
||
| 999 |
_c44571 _d44571 |
||